Tradepolicy, Industrialization and Development: new perspectives (Record no. 350719)
[ view plain ]
| 000 -LEADER | |
|---|---|
| fixed length control field | 004800000a22001570004500 |
| 060 ## - NATIONAL LIBRARY OF MEDICINE CALL NUMBER | |
| Classification number | 100 |
| 082 ## - DEWEY DECIMAL CLASSIFICATION NUMBER | |
| Classification number | 382.3091724 HEL |
| 100 ## - MAIN ENTRY--PERSONAL NAME | |
| Personal name | Helleiner, Gerald K |
| 245 ## - TITLE STATEMENT | |
| Title | Tradepolicy, Industrialization and Development: new perspectives |
| 260 ## - PUBLICATION, DISTRIBUTION, ETC. (IMPRINT) | |
| Place of publication, distribution, etc. | Oxford, Clarendon Press |
| 260 ## - PUBLICATION, DISTRIBUTION, ETC. (IMPRINT) | |
| Date of publication, distribution, etc. | 1992 |
| 300 ## - PHYSICAL DESCRIPTION | |
| Extent | 324 |
| 490 ## - SERIES STATEMENT | |
| Series statement | Wider studies in development economics |
| 650 ## - SUBJECT ADDED ENTRY--TOPICAL TERM | |
| Topical term or geographic name as entry element | Developing countries/ Commercial policy/ Economic development/ International trade |
| 942 ## - ADDED ENTRY ELEMENTS (KOHA) | |
| Koha item type | Books (General) |
| Withdrawn status | Lost status | Damaged status | Not for loan | Home library | Current library | Date acquired | Total Checkouts | Full call number | Barcode | Date last seen | Price effective from | Koha item type |
|---|---|---|---|---|---|---|---|---|---|---|---|---|
| College of Agriculture, Vellayani | College of Agriculture, Vellayani | 02/05/2014 | 382.3091724 HEL | KAU_COAV-22618 | 02/05/2014 | 02/05/2014 | Books (General) |
